000
00351nam a2200133Ia 4500
008
191206s9999 xx 000 0 und d
020
_a
089281408X :
090
_a
BF1031.N385
245
0
_a
nature of things: the secret life of inanimate objects
260
_a
Destiny Books
260
_c
cc1992
300
_a
255 p. ; 23 cm.
999
_c
16543
_d
16543